| 000 | 00669pam a2200253 a 4500 | ||
|---|---|---|---|
| 001 | 4000976 | ||
| 003 | OSt | ||
| 005 | 20150723102119.0 | ||
| 008 | 961227s1998 maua b 001 0 eng | ||
| 010 | _a 96053560 | ||
| 020 | _a0205165575 | ||
| 040 | _aSEKU | ||
| 043 | _an-us--- | ||
| 050 | 0 | 0 |
_aHV 6025 _b.B2 1998 |
| 100 | 1 | _aBarak, Gregg. | |
| 245 | 1 | 0 |
_aIntegrating criminologies _cGregg Barak. |
| 260 |
_aBoston : _bAllyn and Bacon, _cc1998. |
||
| 300 |
_axvi, 330 p. : _bill. ; _c23 cm. |
||
| 504 | _aIncludes bibliographical references and indexes. | ||
| 650 | 0 | _aCriminology. | |
| 650 | 0 | _aCrime. | |
| 650 | 0 |
_aCrime _zUnited States. |
|
| 942 |
_2lcc _cGEN |
||
| 999 |
_c6899 _d6899 |
||